Ecological and socio economic desirability of rubber plantation in North East with a reference to Tripura (Record no. 51312)

MARC details
000 -LEADER
fixed length control field 00532nam a2200133Ia 4500
100 ## - MAIN ENTRY--AUTHOR NAME
Personal name Krishnakumar A.K.
245 #0 - TITLE STATEMENT
Title Ecological and socio economic desirability of rubber plantation in North East with a reference to Tripura
260 ## - PUBLICATION, DISTRIBUTION, ETC. (IMPRINT)
Name of publisher Proceedings of Seminar on Industrial Opportunities in Tripura based on Natural Gas and Rubber, 2 August 1992, Calcutta, India, pp. 29-32.
Year of publication 1992
650 ## - SUBJECT ADDED ENTRY--TOPICAL TERM
Topical Term Rubber plantation
650 ## - SUBJECT ADDED ENTRY--TOPICAL TERM
Topical Term Socioeconomics
650 ## - SUBJECT ADDED ENTRY--TOPICAL TERM
Topical Term Tripura
942 ## - ADDED ENTRY ELEMENTS (KOHA)
Koha item type Bibliography STAF
Holdings
Withdrawn status Lost status Damaged status Not for loan Home library Current library Shelving location Date acquired Koha item type
      Bibliography RRII Library RRII Library Rubber general 09/04/2014 Bibliography STAF